Classic Literature Authors by Title #2 - Statistics

General Stats
  • This quiz has been taken 49 times
  • The average score is 15 of 25
Answer Stats
Hint Answer % Correct
Animal Farm George Orwell
98%
A Christmas Carol Charles Dickens
89%
To Kill a Mockingbird Harper Lee
84%
Anna Karenina Leo Tolstoy
84%
The Picture of Dorian Gray Oscar Wilde
84%
The Canterbury Tales Geoffrey Chaucer
78%
The Merchant of Venice William Shakespeare
78%
The Metamorphosis Franz Kafka
73%
Of Mice and Men John Steinbeck
73%
The Call of the Wild Jack London
69%
The Hunchback of Notre-Dame Victor Hugo
67%
The Count of Monte Cristo Alexandre Dumas
64%
Robinson Crusoe Daniel Defoe
62%
Mrs Dalloway Virginia Woolf
60%
The Lion, the Witch and the Wardrobe C.S. Lewis
58%
The Time Machine H. G. Wells
58%
The Crucible Arthur Miller
53%
Middlemarch George Eliot
49%
Beloved Toni Morrison
44%
The Art of War Sun Tzu
42%
One Flew Over the Cuckoo's Nest Ken Kesey
33%
Little House on the Prairie Laura Ingalls Wilder
29%
The Outsiders S.E. Hinton
24%
Meditations Marcus Aurelius
20%
Of Human Bondage W. Somerset Maugham
18%
No matching quizzes found
Score Distribution
Percent of People with Each Score
Percentile by Number Answered
Your Score History
You have not taken this quiz